000 00470nam a2200205Ia 4500
001 12433
003 GE_BSU
008 181216s||||||||xx |||||||||||||| ||und||
020 _a0340377704
040 _cGE_BSU
080 _a821.111-314
100 _aDailey,Janet.
245 _aSilver Wings,Santiago Blue.
260 _aGreat Britain.
260 _bCoronet Books.
260 _c1985
300 _a448p;18cm.
653 _aSilver Wings,Santiago Blue.
942 _cBK
999 _c45607
_d45607